| 000 | 01046nam a22002657a 4500 | ||
|---|---|---|---|
| 005 | 20100816144333.0 | ||
| 010 | _aENG-100618 | ||
| 020 |
_a9780198063339 _c895.00 |
||
| 020 |
_a0198063334 _c895.00 |
||
| 035 | _aEN-84151 | ||
| 037 | _bDBAD/PUB | ||
| 082 | _a307.720954 | ||
| 245 |
_aVillage matters : _brelocating villages in the contemporary anthropology of India / _cedited by Diane P. Mines [and] Nicolas Yazgi |
||
| 260 |
_aNew Delhi _bOxford University Press _c2010 |
||
| 270 |
_aYMCA Library Building, Jai Singh Road _bNew Delhi _e110001 |
||
| 300 |
_axiii,390p. _c22cm (Hb) |
||
| 500 | _aincludes bibliographical references and index | ||
| 650 |
_aRural Conditions _914057 |
||
| 650 |
_aVillage Comunities _914058 |
||
| 650 |
_aSociology, Rural _914059 |
||
| 700 |
_aMines, Diane P. _914050 |
||
| 700 |
_aYazgi, Nicolas _914051 |
||
| 942 |
_2ddc _cEN _h307.720954 _mVIL |
||
| 999 |
_c42167 _d42167 |
||